| 000 | 00794nam a2200241 a 4500 | ||
|---|---|---|---|
| 001 | 000023602 | ||
| 005 | 20260119094801.0 | ||
| 008 | 101215s1993 sp 000 0 spa d | ||
| 020 | _a8479530375 | ||
| 040 |
_aDO-SdBNP _bspa _cBNPHU |
||
| 041 | 1 | 7 |
_aspa _heng _2Código de idiomas MARC |
| 082 |
_a158.1 _bW729v |
||
| 100 | 1 |
_aWilliamson, Marianne. _948641 |
|
| 240 | 1 | 0 |
_aA return to love. _lEspañol |
| 245 | 1 | 0 |
_aVolver al amor : _breflexiones sobre los principios de un curso de milagros / _cMarianne Williamson. |
| 260 |
_aBarcelona : _bUrano, _c1993. |
||
| 300 |
_a319 p. ; _c21 cm. |
||
| 500 | _a"No tengas miedo; deja que los milagros iluminen tu mundo". | ||
| 534 |
_aTítulo original : _tA return to love |
||
| 650 | 0 |
_aPsicoterapia _9465 |
|
| 650 | 0 |
_aAmor _91688 |
|
| 049 | _aBNGR | ||
| 999 |
_c23098 _d23098 |
||